|
|
|
|
| LEADER |
00000cam a2200000 4500 |
| 001 |
vtls011894491 |
| 003 |
SK-MaSNL |
| 005 |
20260301145343.0 |
| 008 |
200228s2019 xo o grf 001 0 slo |
| 015 |
|
|
|a SNBA2019/12
|
| 020 |
|
|
|a 9788097342104
|q (viazané)
|
| 035 |
|
|
|a urn:nbn:sk:snk-am00df3t
|
| 035 |
|
|
|a urn:nbn:sk:snk-am3i03b
|
| 035 |
|
|
|a 67711DC9-2FD7-42E9-B668-74EBEC728D4C
|
| 040 |
|
|
|a SNK
|b slo
|c SNK
|e rda
|
| 041 |
0 |
|
|a slo
|
| 044 |
|
|
|a xo
|c SK
|
| 072 |
|
7 |
|a 641
|x Kuchárstvo. Potraviny. Varené jedlá
|2 konspekt
|
| 080 |
|
|
|a (083.12)
|2 2011
|
| 080 |
|
|
|a 613.261
|2 2011
|
| 080 |
|
|
|a 641.55
|2 2011
|
| 080 |
|
|
|a 633:631.57
|2 2011
|
| 100 |
1 |
|
|a Kováčová, Nikoleta
|4 aut
|4 pht
|9 371183
|
| 245 |
1 |
0 |
|a Slovegán
|b slovenská vegánska kuchárka
|c koncept & texty Nikoleta Kováčová, Ján Kešelák ; fotografie Nikoleta Kováčová, Ján Kešelák
|
| 250 |
|
|
|a 1. vydanie
|
| 264 |
|
1 |
|a [Rožňava]
|b [Moloko Ventures]
|c 2019
|
| 300 |
|
|
|a 194 strán
|b fotografie
|c 28 cm
|
| 336 |
|
|
|a text
|b txt
|2 rdacontent
|
| 336 |
|
|
|a statický obraz
|b sti
|2 rdacontent
|
| 337 |
|
|
|a bez média
|b n
|2 rdamedia
|
| 338 |
|
|
|a zväzok
|b nc
|2 rdacarrier
|
| 500 |
|
|
|a Miesto vydania a vydavateľ podľa NA ISBN
|
| 504 |
|
|
|a Register
|
| 650 |
0 |
7 |
|a rastlinné produkty
|2 SNKPH
|9 31813
|
| 650 |
0 |
7 |
|a Plant products
|2 SNKPHeng
|9 350867
|
| 650 |
0 |
7 |
|a vegánstvo
|2 SNKPH
|9 78874
|
| 650 |
0 |
7 |
|a jedlá
|2 SNKPH
|
| 650 |
0 |
7 |
|a Veganism
|2 SNKPHeng
|9 164573
|
| 650 |
0 |
7 |
|a Meals
|2 SNKPHeng
|9 311382
|
| 655 |
|
7 |
|a kuchárske recepty
|2 SNKPH
|9 70493
|
| 655 |
|
7 |
|a Cookbooks
|2 SNKPHeng
|9 270340
|
| 700 |
1 |
|
|a Kešelák, Ján
|4 aut
|9 371184
|
| 700 |
1 |
|
|a Benešová, Jana,
|d 1993-
|4 pht
|9 252971
|
| 852 |
|
|
|a Štátna vedecká knižnica v Banskej Bystrici
|
| 919 |
|
|
|a 978-80-973421-0-4
|
| 958 |
|
|
|a NB
|
| 999 |
|
|
|c 779934
|d 781864
|
| 952 |
|
|
|a SNK
|b SNK
|y PREZ
|7 0
|p 17A1392454
|o snkSB 94821
|i snk2019/29213
|8 0
|0 0
|1 0
|4 0
|d 2019-11-13
|f 1
|l 0
|r 2025-05-15 00:00:00
|w 2026-02-24
|
| 952 |
|
|
|a SNK
|b SNK
|y VYP
|7 0
|p 17A1442708
|o snkSB 94821 D1
|i snk2020/15652
|8 0
|0 0
|1 0
|4 0
|d 2020-09-07
|l 0
|r 2026-02-24 01:01:46
|w 2026-02-24
|